| 000 | 00749nam a2200241Ia 4500 | ||
|---|---|---|---|
| 003 | GCL | ||
| 005 | 20240530105251.0 | ||
| 008 | 140319s9999 xx 000 0 ara d | ||
| 017 | _a1981/2486 | ||
| 020 | _a9777346379 | ||
| 040 |
_aGCL / _cGCL |
||
| 082 | 0 | 4 |
_a539 _bج ف |
| 100 | 1 | _aجينز، جيمس | |
| 245 | 1 | 0 |
_aالفيزياء والفلسفة / _cتاليف جينز، جيمس ، ترجمة جعفر رجب |
| 260 |
_aالقاهرة : _bالمكتبة الاكاديمية ، _c1993 |
||
| 300 |
_a291 ص ؛ _c24 سم |
||
| 650 | 0 | 4 | _aالفلسفة |
| 650 | 0 | 4 | _aالفيزياء |
| 650 | 0 | 4 | _aالفيزيائيون |
| 650 | 0 | 4 | _aالفيزيائيون العرب |
| 700 | 1 |
_aجعفر رجب _eمترجم |
|
| 942 |
_2ddc _cBK |
||
| 999 |
_c54465 _d54465 |
||